[Event "Svetla nad Sazavou Mares Memorial"]
[Site "Svetla nad Sazavou"]
[Date "2023.12.29"]
[Round "8"]
[White "Linhart, Jaroslav"]
[Black "Mrazik, Tomas"]
[Result "0-1"]
[WhiteElo "1777"]
[BlackElo "1942"]
[PlyCount "166"]
[EventDate "2023.12.29"]
[EventType "swiss"]
[EventRounds "9"]
[EventCountry "CZE"]
[SourceTitle "CBM 218 Extra"]
[Source "ChessBase"]
[SourceDate "2024.03.31"]
[SourceVersion "1"]
[SourceVersionDate "2024.03.31"]
[SourceQuality "1"]

1. e4 c5 2. Nf3 g6 3. c3 d5 4. exd5 Qxd5 5. d4 Bg7 6. Be3 cxd4 7. Bxd4 Nf6 8. Be2 Nc6 9. 0-0 0-0 10. Be3 Qa5 11. Na3 Rd8 12. Qc1 Nd5 13. Bh6 Bf6 14. Re1 Bf5 15. Nc4 Qc7 16. Ne3 Nxe3 17. Qxe3 Rac8 18. Rad1 a6 19. a3 b5 20. Bd3 Be6 21. Ng5 Bb3 22. Rc1 Ne5 23. Be2 Rd7 24. Ne4 Bh8 25. Bf4 Qc6 26. Nd2 Nc4 27. Bxc4 Bxc4 28. Nxc4 bxc4 29. Rcd1 Rb7 30. Rd2 Qb5 31. Red1 Qe8 32. Qe4 Rb5 33. Rd7 e5 34. Bc1 Bf6 35. h3 Rd8 36. Qc6 Rxd7 37. Qxd7 Qa8 38. Qd6 Kg7 39. Qc7 Rd5 40. Re1 Qd8 41. Qxd8 Rxd8 42. Kf1 Rd5 43. Ke2 Be7 44. Rd1 Rxd1 45. Kxd1 f5 46. Ke2 e4 47. Be3 Kf6 48. Bb6 Ke5 49. Ke3 Bg5+ 50. Ke2 Bc1 51. Bc7+ Kd5 52. Ba5 Bxb2 53. Bb4 Bc1 54. Bf8 Bg5 55. Bb4 Bd8 56. Ke3 Bc7 57. Bf8 f4+ 58. Ke2 Be5 59. Bb4 h5 60. Kd2 Kc6 61. a4 Bd6 62. Ba5 Bc7 63. Bb4 Bb6 64. Ke2 Kd5 65. Be7 Bc7 66. Bb4 Be5 67. Kd2 Ke6 68. Bc5 Kf5 69. Ba7 g5 70. Bc5 g4 71. hxg4+ Kxg4 72. Bb4 Bc7 73. Ke2 Bb6 74. Bd6 h4 75. Bb8 f3+ 76. gxf3+ exf3+ 77. Kf1 Bd8 78. Be5 Kf5 79. Bh8 Ke4 80. Kg1 Kd3 81. Kh2 Bb6 82. Kh3 Bxf2 83. Kg4 Ke2 0-1

[Event "Svetla nad Sazavou Mares Memorial"]
[Site "Svetla nad Sazavou"]
[Date "2023.12.29"]
[Round "6"]
[White "Vasut, Karel"]
[Black "Mrazik, Tomas"]
[Result "1/2-1/2"]
[WhiteElo "2101"]
[BlackElo "1942"]
[PlyCount "128"]
[EventDate "2023.12.29"]
[EventType "swiss"]
[EventRounds "9"]
[EventCountry "CZE"]
[SourceTitle "CBM 218 Extra"]
[Source "ChessBase"]
[SourceDate "2024.03.31"]
[SourceVersion "1"]
[SourceVersionDate "2024.03.31"]
[SourceQuality "1"]

1. b4 c6 2. Bb2 a5 3. a3 Nf6 4. c4 axb4 5. axb4 Rxa1 6. Bxa1 d5 7. e3 Bf5 8. Qb3 e6 9. Nf3 Qb6 10. b5 Nbd7 11. Qa2 Be7 12. Be2 0-0 13. 0-0 dxc4 14. bxc6 Qxc6 15. Nd4 Qc7 16. Nxf5 exf5 17. Qxc4 Qa5 18. Bc3 Qa8 19. Bf3 b5 20. Qxb5 Qc8 21. Qxf5 g6 22. Qh3 Nc5 23. Qxc8 Rxc8 24. Bxf6 Bxf6 25. d4 Nb3 26. Bd5 Nc1 27. Nd2 Ne2+ 28. Kh1 Rc2 29. Ne4 Be7 30. g3 Kg7 31. Bb3 Rb2 32. Bc4 f5 33. Re1 fxe4 34. Bxe2 Bb4 35. Ra1 Rxe2 36. Kg2 Kf6 37. Ra6+ Kf5 38. h3 Rc2 39. g4+ Kg5 40. Kg3 Be1 41. h4+ Kh6 42. Rf6 Kg7 43. g5 h6 44. Rf4 hxg5 45. hxg5 Ra2 46. Rxe4 Rxf2 47. Kg4 Rg2+ 48. Kf4 Bh4 49. Kf3 Rh2 50. Kg4 Be1 51. Re7+ Kf8 52. Re6 Kf7 53. Rf6+ Kg7 54. d5 Bd2 55. Re6 Rg2+ 56. Kf4 Rf2+ 57. Ke4 Rf5 58. d6 Rxg5 59. d7 Ba5 60. Ra6 Bc7 61. Ra7 Bd8 62. Ra8 Be7 63. d8Q Bxd8 64. Rxd8 Rf5 1/2-1/2

[Event "CZE-chT2E 2223"]
[Site "Czech Republic"]
[Date "2023.03.05"]
[Round "10.5"]
[White "Dvorak, Libor"]
[Black "Mrazik, Tomas"]
[Result "1-0"]
[WhiteElo "1975"]
[BlackElo "2023"]
[PlyCount "91"]
[EventDate "2022.10.16"]
[EventType "team-tourn"]
[EventRounds "11"]
[EventCountry "CZE"]
[SourceTitle "EXT 2024"]
[Source "ChessBase"]
[SourceDate "2023.10.10"]
[SourceVersion "1"]
[SourceVersionDate "2023.10.10"]
[SourceQuality "1"]
[WhiteTeam "Znojmo"]
[BlackTeam "Namest nad Oslavou"]
[WhiteTeamCountry "CZE"]
[BlackTeamCountry "CZE"]

1. Nf3 Nf6 2. g3 g6 3. Bg2 Bg7 4. c4 d6 5. Nc3 0-0 6. 0-0 Nc6 7. Rb1 Bf5 8. d3 e5 9. b4 Qd7 10. e4 Bg4 11. Qe1 Rae8 12. b5 Nd8 13. Nd5 Nxd5 14. cxd5 b6 15. Nd2 Qe7 16. Nc4 Nb7 17. Be3 Bd7 18. Qd2 f5 19. f4 exf4 20. gxf4 Nc5 21. Bxc5 bxc5 22. Qa5 Bd4+ 23. Kh1 fxe4 24. dxe4 Bg4 25. Rbe1 Qg7 26. Qa3 Rb8 27. Qg3 Bd7 28. a4 Qh6 29. e5 dxe5 30. fxe5 Rxf1+ 31. Rxf1 Rf8 32. e6 Rxf1+ 33. Bxf1 Qc1 34. Qf3 Be8 35. d6 Qg5 36. Bg2 Qc1+ 37. Bf1 Qg5 38. Bg2 Qc1+ 39. Qf1 Qxf1+ 40. Bxf1 cxd6 41. Nxd6 Kf8 42. Nc8 g5 43. Bc4 Bg6 44. Kg2 Be4+ 45. Kf1 Be5 46. b6 1-0

[Event "CZE-chT2E 2223"]
[Site "Czech Republic"]
[Date "2022.10.16"]
[Round "1.6"]
[White "Mrazik, Tomas"]
[Black "Mlensky, Dalibor"]
[Result "1-0"]
[WhiteElo "2023"]
[BlackElo "2112"]
[PlyCount "84"]
[EventDate "2022.10.16"]
[EventType "team-tourn"]
[EventRounds "11"]
[EventCountry "CZE"]
[SourceTitle "EXT 2024"]
[Source "ChessBase"]
[SourceDate "2023.10.10"]
[SourceVersion "1"]
[SourceVersionDate "2023.10.10"]
[SourceQuality "1"]
[WhiteTeam "Namest nad Oslavou"]
[BlackTeam "Prusanky Podluzan"]
[WhiteTeamCountry "CZE"]
[BlackTeamCountry "CZE"]

1. c4 b6 2. Nf3 Bb7 3. g3 Bxf3 4. exf3 c5 5. d4 cxd4 6. Qxd4 Nc6 7. Qd2 g6 8. b3 Bg7 9. Bb2 Bxb2 10. Qxb2 Nf6 11. Bg2 0-0 12. f4 Rc8 13. Nc3 e6 14. 0-0 Qe7 15. Rad1 Rfd8 16. Rfe1 Ne8 17. Nd5 Qf8 18. Ne3 Qg7 19. Qd2 Nf6 20. Bf3 h5 21. Qb2 Ne8 22. Qa3 a5 23. Rd2 f5 24. Red1 Nf6 25. Qa4 Ne7 26. Qb5 Rb8 27. Rd6 Nc8 28. R6d2 Qe7 29. Qe5 d6 30. Qb2 Qg7 31. Nc2 Re8 32. Re1 Nd7 33. Qxg7+ Kxg7 34. Bc6 Re7 35. Bxd7 Rxd7 36. Rxe6 Kf7 37. Rde2 Na7 38. Nd4 b5 39. Nf3 Nc6 40. c5 Rbd8 41. Ng5+ Kg7 42. Rd2 Ne7 1-0

[Event "Ceske Budejovice op-A"]
[Site "Ceske Budejovice"]
[Date "2022.07.07"]
[Round "7"]
[White "Panjer, Sidney"]
[Black "Mrazik, Tomas"]
[Result "1-0"]
[WhiteElo "2140"]
[BlackElo "2055"]
[PlyCount "73"]
[EventDate "2022.07.01"]
[EventType "swiss"]
[EventRounds "9"]
[EventCountry "CZE"]
[SourceTitle "CBM 209 Extra"]
[Source "ChessBase"]
[SourceDate "2022.09.30"]
[SourceVersion "1"]
[SourceVersionDate "2022.09.30"]
[SourceQuality "1"]

1. Nf3 Nf6 2. c4 g6 3. Nc3 Bg7 4. e4 d6 5. d4 0-0 6. Be2 c5 7. 0-0 Nc6 8. d5 Na5 9. h3 a6 10. Qc2 e5 11. a3 b6 12. b4 Nb7 13. Ne1 Ne8 14. Nd3 f5 15. bxc5 Nxc5 16. Nxc5 bxc5 17. Rb1 Nf6 18. Bd2 f4 19. Na4 g5 20. Nb6 Ra7 21. Nxc8 Qxc8 22. Rb6 Qd7 23. Rfb1 h5 24. f3 g4 25. hxg4 hxg4 26. fxg4 Nxg4 27. Qb3 Ne3 28. Bxe3 fxe3 29. Qxe3 Rf4 30. Qg3 Kh7 31. Bh5 Rf6 32. Bg4 Qf7 33. Qh3+ Bh6 34. Bf5+ Kg8 35. Rb8+ Bf8 36. Be6 Rxe6 37. Qxe6 1-0

[Event "Ceske Budejovice op-A"]
[Site "Ceske Budejovice"]
[Date "2022.07.03"]
[Round "3"]
[White "Kotleska, Roman"]
[Black "Mrazik, Tomas"]
[Result "1/2-1/2"]
[WhiteElo "1863"]
[BlackElo "2055"]
[PlyCount "104"]
[EventDate "2022.07.01"]
[EventType "swiss"]
[EventRounds "9"]
[EventCountry "CZE"]
[SourceTitle "CBM 209 Extra"]
[Source "ChessBase"]
[SourceDate "2022.09.30"]
[SourceVersion "1"]
[SourceVersionDate "2022.09.30"]
[SourceQuality "1"]

1. e4 c5 2. Nf3 g6 3. c4 Nc6 4. d4 cxd4 5. Nxd4 Nf6 6. Nc3 d6 7. Be2 Nxd4 8. Qxd4 Bg7 9. Be3 0-0 10. Qd2 a5 11. 0-0 a4 12. Rab1 Qa5 13. f3 Be6 14. Nd5 Qxd2 15. Nxe7+ Kh8 16. Bxd2 Rfe8 17. Nd5 Nxd5 18. cxd5 Bxd5 19. Bb5 Bd4+ 20. Kh1 Bxa2 21. Ra1 Re5 22. Rxa2 Rxb5 23. Bc3 Bxc3 24. bxc3 Rc5 25. Ra3 b5 26. Kg1 Rac8 27. Rb1 d5 28. exd5 Rxd5 29. Rb4 Kg7 30. c4 bxc4 31. Raxa4 c3 32. Rc4 Rdc5 33. Rxc5 Rxc5 34. Ra1 Kf6 35. Kf2 Ke5 36. Ke3 g5 37. Kd3 h5 38. Re1+ Kf4 39. Re4+ Kf5 40. Kc2 h4 41. g4+ Kf6 42. f4 gxf4 43. Rxf4+ Kg6 44. h3 Ra5 45. Rf3 Ra2+ 46. Kd1 Rg2 47. Rxc3 Kg5 48. Rf3 Rg3 49. Ke2 Rxf3 50. Kxf3 f5 51. gxf5 Kxf5 52. Ke3 Ke5 1/2-1/2

[Event "Pobeskydy op 41st"]
[Site "Frydek Mistek"]
[Date "2022.04.15"]
[Round "3"]
[White "Nytra, Ondrej"]
[Black "Mrazik, Tomas"]
[Result "0-1"]
[WhiteElo "2306"]
[BlackElo "1993"]
[PlyCount "50"]
[EventDate "2022.04.14"]
[EventType "swiss"]
[EventRounds "9"]
[EventCountry "CZE"]
[SourceTitle "CBM 207 Extra"]
[Source "ChessBase"]
[SourceDate "2022.05.31"]
[SourceVersion "1"]
[SourceVersionDate "2022.05.31"]
[SourceQuality "1"]

1. e4 c5 2. Nf3 g6 3. d4 cxd4 4. Qxd4 Nf6 5. Nc3 Nc6 6. Qa4 d6 7. e5 Ng4 8. exd6 Qxd6 9. Bf4 Qc5 10. 0-0-0 Bg7 11. Rd5 Qxf2 12. Bc7 Qe3+ 13. Kb1 0-0 14. Nd1 Qe6 15. Bc4 Nf6 16. Ng5 Qxd5 17. Bxd5 Nxd5 18. Bg3 Bf5 19. Nf2 Rac8 20. Nfe4 Rfd8 21. a3 Nb6 22. Qb5 Nd4 23. Qa5 Rxc2 24. Rd1 Rxb2+ 25. Kxb2 Nc4+ 0-1

[Event "CZE-chT2E 2122"]
[Site "Czech Republic"]
[Date "2022.04.03"]
[Round "11.4"]
[White "Kisa, Lubomir"]
[Black "Mrazik, Tomas"]
[Result "0-1"]
[WhiteElo "2178"]
[BlackElo "1983"]
[PlyCount "32"]
[EventDate "2021.10.17"]
[EventType "team-tourn"]
[EventRounds "11"]
[EventCountry "CZE"]
[SourceTitle "EXT 2024"]
[Source "ChessBase"]
[SourceDate "2023.10.10"]
[SourceVersion "1"]
[SourceVersionDate "2023.10.10"]
[SourceQuality "1"]
[WhiteTeam "Brno VSK Univ"]
[BlackTeam "Brno Lokomotiva"]
[WhiteTeamCountry "CZE"]
[BlackTeamCountry "CZE"]

1. d4 Nf6 2. Nf3 g6 3. Bf4 Bg7 4. c3 0-0 5. h3 d5 6. Nbd2 b6 7. e3 c5 8. a4 Bf5 9. g4 Bd7 10. Ne5 Be8 11. Bg2 Nc6 12. 0-0 Rc8 13. Qe2 e6 14. Rfd1 cxd4 15. exd4 Nxe5 16. Bxe5 Bc6 0-1

[Event "CZE-chT2E 2122"]
[Site "Czech Republic"]
[Date "2021.12.05"]
[Round "4.4"]
[White "Mrazik, Tomas"]
[Black "Lakatos, Tomas"]
[Result "0-1"]
[WhiteElo "1983"]
[BlackElo "2109"]
[PlyCount "52"]
[EventDate "2021.10.17"]
[EventType "team-tourn"]
[EventRounds "11"]
[EventCountry "CZE"]
[SourceTitle "EXT 2024"]
[Source "ChessBase"]
[SourceDate "2023.10.10"]
[SourceVersion "1"]
[SourceVersionDate "2023.10.10"]
[SourceQuality "1"]
[WhiteTeam "Brno Lokomotiva"]
[BlackTeam "Orechov Orel"]
[WhiteTeamCountry "CZE"]
[BlackTeamCountry "CZE"]

1. Nf3 e6 2. c4 d5 3. e3 f5 4. cxd5 exd5 5. Nc3 Nf6 6. Qb3 c6 7. d4 Bd6 8. Bd3 Qe7 9. 0-0 0-0 10. Bd2 Ne4 11. g3 Kh8 12. a3 Nd7 13. Na4 b5 14. Nc3 Nb6 15. a4 Nc4 16. Qc2 b4 17. Ne2 b3 18. Qc1 Ba6 19. Bxc4 Bxc4 20. Re1 Qe8 21. Bc3 Qh5 22. Kg2 g5 23. Neg1 f4 24. exf4 gxf4 25. Rxe4 dxe4 26. d5+ Kg8 0-1

[Event "Ceske Budejovice op"]
[Site "Ceske Budejovice"]
[Date "2021.07.08"]
[Round "8"]
[White "Dvorak, Milan"]
[Black "Mrazik, Tomas"]
[Result "1-0"]
[WhiteElo "1841"]
[BlackElo "1995"]
[PlyCount "85"]
[EventDate "2021.07.01"]
[EventType "swiss"]
[EventRounds "9"]
[EventCountry "CZE"]
[SourceTitle "CBM 203 Extra"]
[Source "ChessBase"]
[SourceDate "2021.09.30"]
[SourceVersion "1"]
[SourceVersionDate "2021.09.30"]
[SourceQuality "1"]

1. b3 e5 2. Bb2 Nc6 3. e3 Nf6 4. Bb5 Bd6 5. Bxc6 dxc6 6. d3 Qe7 7. e4 Bg4 8. Ne2 0-0-0 9. 0-0 Nh5 10. f3 Be6 11. Qc1 Rhg8 12. Ba3 g5 13. Bxd6 Rxd6 14. Qe3 Kb8 15. Nd2 g4 16. f4 exf4 17. Nxf4 Qg5 18. g3 Nxf4 19. Qxf4 Qc5+ 20. Rf2 Qc3 21. Raf1 b5 22. Nb1 Qa5 23. a3 c5 24. Qe5 Qb6 25. Nc3 Rgd8 26. Kg2 Qc6 27. a4 a6 28. axb5 axb5 29. Ra1 f5 30. Ra5 fxe4 31. Rxb5+ Kc8 32. Rxc5 Qb7 33. Nxe4 Bd5 34. Rf4 Qb6 35. Kf1 Bxe4 36. Rxe4 Rf8+ 37. Rf4 Rxf4+ 38. gxf4 Qb7 39. Qxd6 Qh1+ 40. Ke2 Qxh2+ 41. Kd1 Qg1+ 42. Kd2 Qf2+ 43. Kc3 1-0

[Event "Ceske Budejovice op-A"]
[Site "Ceske Budejovice"]
[Date "2020.07.09"]
[Round "9"]
[White "Jirousek, Jan"]
[Black "Mrazik, Tomas"]
[Result "0-1"]
[WhiteElo "1914"]
[BlackElo "2020"]
[PlyCount "86"]
[EventDate "2020.07.01"]
[EventType "swiss"]
[EventRounds "9"]
[EventCountry "CZE"]
[SourceTitle "CBM 197 Extra"]
[Source "ChessBase"]
[SourceDate "2020.09.30"]
[SourceVersion "1"]
[SourceVersionDate "2020.09.30"]
[SourceQuality "1"]

1. d4 Nf6 2. Nf3 e6 3. c4 Bb4+ 4. Nbd2 b6 5. a3 Bxd2+ 6. Qxd2 Bb7 7. e3 0-0 8. Bd3 Ne4 9. Qc2 f5 10. b4 d6 11. Bb2 Nd7 12. 0-0 Ng5 13. Nxg5 Qxg5 14. f4 Qe7 15. e4 fxe4 16. Bxe4 Bxe4 17. Qxe4 Nf6 18. Qe2 Qf7 19. Rac1 d5 20. f5 Rae8 21. Qc2 Qd7 22. a4 Rf7 23. b5 dxc4 24. fxe6 Qxe6 25. Qxc4 Qxc4 26. Rxc4 Nd5 27. Rxf7 Kxf7 28. Kf2 Ke6 29. Ba3 Kd7 30. Bb4 Re3 31. Bf8 g6 32. Bg7 Rc3 33. Rxc3 Nxc3 34. Ke3 Nxa4 35. Kd3 c6 36. Kc2 cxb5 37. Kb3 Kc6 38. Bf6 Kd5 39. g3 h5 40. h4 Ke4 41. Bg7 Kd3 42. d5 Nc5+ 43. Kb4 a6 0-1

[Event "Ceske Budejovice op-A"]
[Site "Ceske Budejovice"]
[Date "2020.07.08"]
[Round "8"]
[White "Mrazik, Tomas"]
[Black "Novak, Vaclav"]
[Result "1/2-1/2"]
[WhiteElo "2020"]
[BlackElo "1926"]
[PlyCount "33"]
[EventDate "2020.07.01"]
[EventType "swiss"]
[EventRounds "9"]
[EventCountry "CZE"]
[SourceTitle "CBM 197 Extra"]
[Source "ChessBase"]
[SourceDate "2020.09.30"]
[SourceVersion "1"]
[SourceVersionDate "2020.09.30"]
[SourceQuality "1"]

1. Nf3 d5 2. e3 Bg4 3. c4 e6 4. Qb3 b6 5. Nc3 Bxf3 6. gxf3 c6 7. cxd5 exd5 8. d4 g6 9. Bd3 Bg7 10. Bd2 Ne7 11. Ne2 0-0 12. h4 c5 13. Qd1 Nbc6 14. Bc3 cxd4 15. exd4 Re8 16. Qd2 Qd7 17. 0-0-0 1/2-1/2

[Event "Ceske Budejovice op-A"]
[Site "Ceske Budejovice"]
[Date "2020.07.05"]
[Round "5"]
[White "Stary, Lukas"]
[Black "Mrazik, Tomas"]
[Result "1/2-1/2"]
[WhiteElo "1867"]
[BlackElo "2020"]
[PlyCount "116"]
[EventDate "2020.07.01"]
[EventType "swiss"]
[EventRounds "9"]
[EventCountry "CZE"]
[SourceTitle "CBM 197 Extra"]
[Source "ChessBase"]
[SourceDate "2020.09.30"]
[SourceVersion "1"]
[SourceVersionDate "2020.09.30"]
[SourceQuality "1"]

1. d4 Nf6 2. Bf4 d5 3. e3 e6 4. Nd2 Bd6 5. Bg3 0-0 6. Bd3 c5 7. c3 b6 8. e4 Be7 9. e5 Nfd7 10. Qh5 g6 11. Qe2 a5 12. Nh3 Ba6 13. Nf4 Bxd3 14. Qxd3 Nc6 15. a3 Qc8 16. Nf3 Qa6 17. Qxa6 Rxa6 18. 0-0 a4 19. Ne2 Na5 20. Nd2 Rc8 21. Rac1 Ra7 22. Bf4 Rac7 23. Be3 b5 24. f4 b4 25. cxb4 cxb4 26. axb4 Bxb4 27. Rxc7 Rxc7 28. Rc1 Rxc1+ 29. Nxc1 Nc6 30. Nf3 Nb6 31. Nd3 Nc4 32. Bc1 Be7 33. Kf2 N6a5 34. Nd2 Nc6 35. Nf3 N6a5 36. Nd2 Nxd2 37. Bxd2 Nc4 38. Bc3 Kg7 39. Ke2 h5 40. Kf3 Kf8 41. Ke2 Ke8 42. Ne1 Kd7 43. Nc2 Kc6 44. Kd3 Kb5 45. Ke2 Bd8 46. Kd3 Ba5 47. Na3+ Nxa3 48. bxa3 Bd8 49. Bd2 Be7 50. Bc1 f6 51. Kc3 fxe5 52. fxe5 g5 53. h3 g4 54. hxg4 hxg4 55. Kd3 Bh4 56. Bd2 Be7 57. Bc1 Bh4 58. Bd2 Be7 1/2-1/2

[Event "CZE-chT2D 1819"]
[Site "Czech Republic"]
[Date "2019.02.24"]
[Round "9.6"]
[White "Svizensky, Lubos"]
[Black "Mrazik, Tomas"]
[Result "0-1"]
[WhiteElo "1937"]
[BlackElo "1950"]
[PlyCount "112"]
[EventDate "2018.10.14"]
[EventType "team-tourn"]
[EventRounds "11"]
[EventCountry "CZE"]
[SourceTitle "EXT 2022"]
[Source "ChessBase"]
[SourceDate "2021.10.06"]
[SourceVersion "1"]
[SourceVersionDate "2021.10.06"]
[SourceQuality "1"]
[WhiteTeam "Dalesice Pivovar"]
[BlackTeam "Namest nad Oslavou"]
[WhiteTeamCountry "CZE"]
[BlackTeamCountry "CZE"]

1. d4 Nf6 2. Nf3 e6 3. c4 Bb4+ 4. Bd2 Qe7 5. a3 Bxd2+ 6. Nbxd2 d6 7. e4 e5 8. d5 0-0 9. h3 a5 10. b4 Na6 11. Rb1 axb4 12. axb4 c5 13. b5 Nb4 14. Be2 Nh5 15. g3 g6 16. Nh4 Ng7 17. Kf1 f5 18. Kg2 fxe4 19. Nxe4 Nf5 20. Nf3 Ra2 21. Ra1 Rxa1 22. Qxa1 Nd4 23. Qb2 Bf5 24. Nc3 Nxf3 25. Bxf3 Bd3 26. Be2 Qf6 27. Rf1 e4 28. Bxd3 Qf3+ 29. Kg1 Qxd3 30. Re1 Nc2 31. Rxe4 Nd4 32. Re7 Nf3+ 33. Kg2 Nd2 34. Re2 Nxc4 35. Qc2 Qf3+ 36. Kg1 Ra8 37. Re1 Ne5 38. Ne4 Qf5 39. Kg2 Nf3 40. Re3 Ra3 41. Qe2 Nd4 42. Qg4 Rxe3 43. fxe3 Nxb5 44. Qh4 Qxd5 45. Kf2 Qf7+ 46. Kg2 Kg7 47. Ng5 Qd5+ 48. e4 Qa2+ 49. Kg1 h6 50. Nf3 Qf7 51. Kg2 Nc3 52. e5 d5 53. Qg4 Ne4 54. e6 Qf6 55. h4 Qb2+ 56. Kg1 Qf2+ 0-1

[Event "CZE-chT2D 1819"]
[Site "Czech Republic"]
[Date "2018.11.18"]
[Round "3.6"]
[White "Houska, Bronislav"]
[Black "Mrazik, Tomas"]
[Result "1-0"]
[WhiteElo "2011"]
[BlackElo "1950"]
[PlyCount "67"]
[EventDate "2018.10.14"]
[EventType "team-tourn"]
[EventRounds "11"]
[EventCountry "CZE"]
[SourceTitle "EXT 2022"]
[Source "ChessBase"]
[SourceDate "2021.10.06"]
[SourceVersion "1"]
[SourceVersionDate "2021.10.06"]
[SourceQuality "1"]
[WhiteTeam "Policka Stefanydes"]
[BlackTeam "Namest nad Oslavou"]
[WhiteTeamCountry "CZE"]
[BlackTeamCountry "CZE"]

1. c4 e6 2. g3 Nf6 3. Bg2 Nc6 4. Nf3 d5 5. b3 Be7 6. 0-0 0-0 7. Bb2 a5 8. Nc3 d4 9. Nb5 e5 10. e3 Bc5 11. exd4 exd4 12. d3 Re8 13. a3 Bg4 14. Qd2 Bxf3 15. Bxf3 Ne5 16. Bxb7 Rb8 17. Bg2 c6 18. f4 Nxd3 19. Bxc6 Nxb2 20. Bxe8 Qxe8 21. Qxb2 Qe3+ 22. Kh1 Re8 23. Nc7 Rb8 24. b4 Ng4 25. Rae1 Qd3 26. Na6 Ne3 27. Nxc5 Qxc4 28. Rf2 axb4 29. Rc1 Qd5+ 30. Kg1 Re8 31. axb4 d3 32. Qd2 Qd4 33. Qxd3 Qxb4 34. Re2 1-0

[Event "Pobeskydy op"]
[Site "Frydek Mistek"]
[Date "2018.04.01"]
[Round "8"]
[White "Mrazik, Tomas"]
[Black "Skalicky, Tomas"]
[Result "0-1"]
[WhiteElo "1955"]
[BlackElo "2138"]
[PlyCount "88"]
[EventDate "2018.03.29"]
[EventType "swiss"]
[EventRounds "9"]
[EventCountry "CZE"]
[SourceTitle "CBM 183 Extra"]
[Source "ChessBase"]
[SourceDate "2018.04.19"]
[SourceVersion "1"]
[SourceVersionDate "2018.04.19"]
[SourceQuality "1"]

1. e4 b6 2. d4 Bb7 3. Nc3 e6 4. a3 Nf6 5. Bd3 c5 6. Nf3 c4 7. Bxc4 Nxe4 8. Nxe4 Bxe4 9. Bf4 d6 10. 0-0 Be7 11. Qe2 Bb7 12. Rfe1 0-0 13. Rad1 Qc8 14. c3 Ba6 15. Bxa6 Qxa6 16. Qe4 Nd7 17. Bg5 Bxg5 18. Nxg5 Nf6 19. Qf4 Qb5 20. Rd2 Qd5 21. Ne4 Nxe4 22. Qxe4 Qxe4 23. Rxe4 d5 24. Re5 Rfe8 25. Rde2 Rad8 26. f4 Kf8 27. g4 Rd6 28. f5 f6 29. Rxe6 Rexe6 30. fxe6 Ke7 31. b3 b5 32. Kf2 Rxe6 33. Rxe6+ Kxe6 34. Ke3 a5 35. Kf4 a4 36. b4 g5+ 37. Kf3 f5 38. h3 Kf6 39. Ke3 Kg6 40. Kf3 fxg4+ 41. hxg4 h5 42. gxh5+ Kxh5 43. Kg3 Kg6 44. Kg4 Kf6 0-1

[Event "CZE-chT2D 1718"]
[Site "Czech Republic"]
[Date "2018.01.14"]
[Round "6.8"]
[White "Schaffer, Ondrej"]
[Black "Mrazik, Tomas"]
[Result "0-1"]
[WhiteElo "1891"]
[BlackElo "1949"]
[PlyCount "80"]
[EventDate "2017.10.15"]
[EventType "team-tourn"]
[EventRounds "11"]
[EventCountry "CZE"]
[SourceTitle "EXT 2022"]
[Source "ChessBase"]
[SourceDate "2021.10.06"]
[SourceVersion "1"]
[SourceVersionDate "2021.10.06"]
[SourceQuality "1"]
[WhiteTeam "Policka Stefanydes"]
[BlackTeam "Namest nad Oslavou"]
[WhiteTeamCountry "CZE"]
[BlackTeamCountry "CZE"]

1. d4 Nf6 2. c4 e6 3. Nf3 Bb4+ 4. Bd2 Qe7 5. e3 b6 6. Bd3 Bb7 7. a3 Bxd2+ 8. Nbxd2 d5 9. 0-0 0-0 10. Rc1 dxc4 11. Bxc4 Nbd7 12. Qc2 Rac8 13. Bd3 c5 14. Qb1 e5 15. dxe5 Nxe5 16. Be2 Rfd8 17. Rfd1 Neg4 18. Nf1 Ne4 19. Rxd8+ Rxd8 20. Rd1 Ngxf2 21. Rxd8+ Qxd8 22. h3 Qd6 23. Qc2 Qg6 24. Kh2 Ng3 25. Qa4 Nxf1+ 26. Bxf1 h6 27. Qxa7 Qd6+ 28. Kg1 Nxh3+ 29. Kh1 Bxf3 30. gxf3 Ng5 31. Qa8+ Kh7 32. Kg2 Qd2+ 33. Kh1 Qxe3 34. Bg2 Qe1+ 35. Kh2 Qh4+ 36. Kg1 Qd4+ 37. Kh1 Qxb2 38. Qd5 Qd4 39. Qf5+ g6 40. Qc8 c4 0-1